Name The 12 Colors On The Color Wheel - Statistics

General Stats
  • This quiz has been taken 46 times
  • The average score is 6 of 12
Answer Stats
Answer % Correct
Red
100%
Yellow
97%
Blue
90%
Green
87%
Orange
87%
Purple
80%
Red-Orange
40%
Yellow-Orange
20%
Yellow-Green
10%
Blue-Green
7%
Blue-Purple
3%
Red-Purple
3%
No matching quizzes found
Score Distribution
Percent of People with Each Score
Percentile by Number Answered
Your Score History
You have not taken this quiz